Quiz del Imperio Romano #2 - Estadísticas

Estadísticas generales
  • Esta prueba ha sido intentada 186 veces
  • La puntuación promedio es 9 de 15
Estadísticas de respuestas
Pregunta Respuesta % Correcto
El imperio romano se extendia por 3 continentes,¿Verdadero o falso? Verdadero
93%
¿Por qué vía se hacia generalmente el comerciointernacional? ¿Maritima o terrestre? Maritima
89%
Dentro de los legionarios habia dos infanterias,la pesada y la ligera, ¿Cuál estaba peor preparada? Ligera
88%
Los mosaicos estaban vistos como un arte común,¿Verdadero o falso? Falso
87%
¿Cual es el nombre del emperador masconocido del Imperio? Julio César
86%
Máquina que servia para lanzar grandes piedras a mucha distancia, inventada por los romanos Catapulta
83%
¿Cuál es la famosa ciudad dentro del imperio que quedó arrasada por un volcán? Pompeya
79%
¿En que ciudad española se encuentra un famoso acueducto romano? Segovia
74%
¿De qué estaba hecho generalmente el campamentoromano permantente? Piedra
73%
¿Qué estructura utilizaban los aqueductos? Arco
51%
¿Qué patio central se situaba en medio de las casasDomus (casas de ricos) ? Atrio
23%
¿Cómo se llamaba en latín la secciónmás fría de una terma romana? Frigidarium
21%
¿Cuál es la calle que cruzaba horizontalmantelas ciudades romanas? Decumanus
18%
¿Qué material empezaron a utilizar los romanos para hacer puentes? Hormigón
15%
¿Cómo se llamaba el sistema de calefacciónromana? Hipocausto
7%
No se encontraron pruebas coincidentes
Distribución de puntuación
Porcentaje de gente con cada puntuación
Porcentaje por número respondido
Historial de tus puntuaciones
No has intentado esta prueba.